[Event "23rd 4NCL Congress"]
[Site "South Normanton"]
[Date "2019.10.06"]
[Round "5.11"]
[White "Moore, Gerald"]
[Black "Ireland, David J"]
[Result "1/2-1/2"]
[WhiteElo "2089"]
[BlackElo "1960"]
[PlyCount "90"]
[EventDate "2019.10.04"]

1. Nf3 d5 2. c4 dxc4 3. e3 Nf6 4. Bxc4 e6 5. O-O Bd6 6. d4 O-O 7. Nc3 a6 8. e4
Be7 9. Qe2 c5 10. dxc5 Bxc5 11. Bg5 Be7 12. Rfd1 Nbd7 13. e5 Nd5 14. Bxd5 Bxg5
15. Be4 Bh6 16. Rd4 Qc7 17. Rad1 Nc5 18. Bb1 g6 19. Ne4 Nxe4 20. Bxe4 Rb8 21.
Qc4 Qa5 22. b4 Qb5 23. Qc7 Ra8 24. a3 a5 25. Rd8 axb4 26. Rxf8+ Bxf8 27. Ng5
Qe8 28. axb4 Qe7 29. Qxe7 Bxe7 30. h4 h6 31. Nf3 Ra4 32. Rc1 Ra8 33. b5 Rb8 34.
g3 Kf8 35. Nd4 Bd8 36. Kg2 Bd7 37. Bd3 Bb6 38. Nb3 Ke7 39. Rc2 Rc8 40. Rxc8
Bxc8 41. Nd2 Bd4 42. f4 b6 43. Kf3 Bb7+ 44. Be4 Bxe4+ 45. Nxe4 h5 1/2-1/2

[Event "23rd 4NCL Congress"]
[Site "South Normanton"]
[Date "2019.10.06"]
[Round "5.12"]
[White "Agnew, Alan"]
[Black "De Coverly, Roger D"]
[Result "1-0"]
[WhiteElo "2052"]
[BlackElo "1958"]
[PlyCount "97"]
[EventDate "2019.10.04"]

1. d4 Nf6 2. c4 g6 3. Nc3 Bg7 4. e4 d6 5. Nf3 O-O 6. Be2 e5 7. O-O Na6 8. Be3
Ng4 9. Bg5 Qe8 10. h3 h6 11. Bc1 exd4 12. Nxd4 Nf6 13. Bf3 c6 14. Bf4 Qe7 15.
Re1 Nd7 16. Qd2 Kh7 17. Rad1 Ne5 18. Be2 Re8 19. Bg3 f6 20. f4 Nf7 21. Bf3 Bf8
22. b3 Bd7 23. f5 g5 24. Bh5 Red8 25. Bg6+ Kg7 26. h4 Ne5 27. h5 Nc7 28. Qe2 a6
29. a4 Rab8 30. Kh1 c5 31. Nf3 Bc6 32. Nxe5 dxe5 33. Nd5 Bxd5 34. exd5 Qd6 35.
Bf2 b5 36. axb5 axb5 37. b4 Na6 38. bxc5 Nxc5 39. cxb5 Nd7 40. Rc1 Qb4 41. Rb1
Qa4 42. Rec1 Bd6 43. Rc6 Bb4 44. Qc4 Qxb5 45. Qxb5 Rxb5 46. Be1 Rdb8 47. Rxb4
Rxb4 48. Bxb4 Rxb4 49. Rc7 1-0

[Event "23rd 4NCL Congress"]
[Site "South Normanton"]
[Date "2019.10.06"]
[Round "5.13"]
[White "Taylor, Robert K"]
[Black "Modi, Kishan J"]
[Result "0-1"]
[WhiteElo "1958"]
[BlackElo "2004"]
[PlyCount "90"]
[EventDate "2019.10.04"]

1. e4 c5 2. Nf3 d6 3. d4 cxd4 4. Qxd4 a6 5. Bg5 Nc6 6. Qd2 Bg4 7. Be2 g6 8. O-O
Bg7 9. Nc3 Nf6 10. Rfd1 O-O 11. Bh6 Rc8 12. Bxg7 Kxg7 13. Qe3 Qa5 14. Nd2 Bxe2
15. Nb3 Qc7 16. Qxe2 e6 17. Rd2 Rfd8 18. f4 Rd7 19. Re1 Rcd8 20. Kh1 h5 21. a3
Na5 22. Nxa5 Qxa5 23. Rd4 Qc7 24. Rc4 Qb8 25. Rd4 Qc7 26. Rc4 Qb8 27. Rd4 d5
28. e5 Ng4 29. h3 Nh6 30. g4 Rh8 31. Kg2 Qd8 32. Qf3 hxg4 33. hxg4 Qh4 34. Qg3
Qxg4 35. Qxg4 Nxg4 36. Na4 Rc7 37. Kf3 Nh6 38. Rd2 Nf5 39. Nb6 Rh3+ 40. Kg2
Rg3+ 41. Kf2 Rc6 42. Nd7 Rc4 43. Rh1 Rxf4+ 44. Ke1 Rh4 45. Rdh2 Rg1+ 0-1

[Event "23rd 4NCL Congress"]
[Site "South Normanton"]
[Date "2019.10.06"]
[Round "5.14"]
[White "Gogia, Armaan"]
[Black "Bin-Suhayl, Ieysaa"]
[Result "0-1"]
[WhiteElo "1866"]
[BlackElo "2208"]
[PlyCount "100"]
[EventDate "2019.10.04"]

1. e4 e6 2. d4 d5 3. exd5 exd5 4. Nf3 Bd6 5. c4 Nf6 6. Nc3 c6 7. Bg5 dxc4 8.
Bxc4 O-O 9. O-O Nbd7 10. Re1 h6 11. Bh4 Nb6 12. Bb3 Bg4 13. Qd3 Bxf3 14. Qxf3
g5 15. Ne4 Nxe4 16. Qxe4 Kg7 17. Bg3 Bxg3 18. hxg3 Re8 19. Qf3 Qf6 20. Re5 Qxf3
21. gxf3 Rxe5 22. dxe5 Re8 23. Re1 Nd7 24. f4 gxf4 25. gxf4 Nc5 26. Rd1 Re7 27.
Bc2 Rd7 28. Rxd7 Nxd7 29. Kg2 f6 30. Bf5 Nb6 31. Be6 Na4 32. b4 Nc3 33. Kf3 Nd5
34. a3 Nc3 35. Bc8 b6 36. Bb7 c5 37. bxc5 bxc5 38. Kg4 Nb5 39. a4 Nd4 40. Bd5
Kg6 41. f5+ Kg7 42. e6 Kf8 43. Bc4 Nc6 44. Kh5 Na5 45. Bd5 c4 46. Kg4 c3 47.
Be4 Nc4 48. Kf4 h5 49. Bd3 h4 50. Kg4 Ne5+ 0-1

[Event "23rd 4NCL Congress"]
[Site "South Normanton"]
[Date "2019.10.06"]
[Round "5.15"]
[White "Nicholson, Jim Wr"]
[Black "Cast, Julian"]
[Result "1-0"]
[WhiteElo "1983"]
[BlackElo "1908"]
[PlyCount "35"]
[EventDate "2019.10.04"]

1. d4 e6 2. Nf3 Nf6 3. Bg5 c5 4. e3 d5 5. Nbd2 Nbd7 6. c3 Qc7 7. Bd3 Be7 8. O-O
h6 9. Bh4 O-O 10. Qb1 e5 11. e4 cxd4 12. cxd4 Nxe4 13. Bxe4 Bxh4 14. Bh7+ Kh8
15. Nxh4 Nf6 16. Bf5 g5 17. Bxc8 Qxc8 18. Qf5 1-0

[Event "23rd 4NCL Congress"]
[Site "South Normanton"]
[Date "2019.10.06"]
[Round "5.16"]
[White "Webster, Richard J"]
[Black "Vieira, Jose Pedro"]
[Result "1-0"]
[WhiteElo "1948"]
[BlackElo "1463"]
[PlyCount "57"]
[EventDate "2019.10.04"]

1. d4 d5 2. c4 e6 3. Nc3 Nf6 4. cxd5 exd5 5. Bg5 Nbd7 6. e3 c6 7. Bd3 Be7 8.
Nge2 Nf8 9. Qc2 Ne6 10. Bh4 g6 11. f3 O-O 12. Bf2 Nh5 13. g4 Nf6 14. h4 h5 15.
gxh5 Nxh5 16. O-O-O Neg7 17. Rdg1 Qd6 18. Bg3 Qe6 19. Be5 Bd6 20. Bxg6 Bxe5 21.
Bxh5 Qh6 22. dxe5 Qxh5 23. Rg5 Qh7 24. Rhg1 Qh6 25. Nf4 Kh8 26. Rxg7 Qxg7 27.
Rxg7 Kxg7 28. Nh5+ Kh6 29. Qg2 1-0

[Event "23rd 4NCL Congress"]
[Site "South Normanton"]
[Date "2019.10.06"]
[Round "5.18"]
[White "Chen, Daniel Xingyu"]
[Black "Ross, Stuart"]
[Result "1-0"]
[WhiteElo "1703"]
[BlackElo "1636"]
[PlyCount "107"]
[EventDate "2019.10.04"]

1. e4 c5 2. Nc3 Nc6 3. g3 g6 4. Bg2 Bg7 5. d3 d6 6. Be3 Rb8 7. Qd2 b5 8. Rb1 b4
9. Nce2 Bd7 10. f4 e6 11. Nf3 Nge7 12. O-O O-O 13. d4 cxd4 14. Nfxd4 Qc7 15. g4
f5 16. exf5 gxf5 17. gxf5 Nxf5 18. Bxc6 Nxd4 19. Nxd4 Bxd4 20. Bxd7 Bxe3+ 21.
Qxe3 Qxd7 22. Rf2 Rf6 23. Rg2+ Rg6 24. Rxg6+ hxg6 25. Re1 e5 26. fxe5 Qg4+ 27.
Kh1 dxe5 28. Qxe5 Qf3+ 29. Kg1 Qg4+ 30. Qg3 Qd4+ 31. Kh1 Qd5+ 32. Qg2 Qd6 33.
Rg1 Kg7 34. Qg3 Qd5+ 35. Qg2 Qd6 36. Rf1 Re8 37. Qb7+ Re7 38. Qf3 Rc7 39. Rf2
Qe7 40. Re2 Qd6 41. Rf2 Qe7 42. Qf4 Rd7 43. Kg2 Rd5 44. Rf3 Rg5+ 45. Rg3 Qe2+
46. Qf2 Qe4+ 47. Kg1 Ra5 48. a3 bxa3 49. bxa3 Qe5 50. Re3 Qa1+ 51. Kg2 Rg5+ 52.
Rg3 Ra5 53. Qf3 Rf5 54. Qxf5 1-0

[Event "23rd 4NCL Congress"]
[Site "South Normanton"]
[Date "2019.10.06"]
[Round "5.19"]
[White "Merriman, James"]
[Black "Sheppard, Derek A"]
[Result "1-0"]
[WhiteElo "1910"]
[BlackElo "1717"]
[PlyCount "136"]
[EventDate "2019.10.04"]

1. d4 e6 2. c4 f5 3. g3 Nf6 4. Bg2 c6 5. Nh3 d5 6. O-O Bd6 7. Bf4 Be7 8. Nd2
O-O 9. Nf3 Ne4 10. Ne5 Nd7 11. f3 Ng5 12. Nxg5 Bxg5 13. Bxg5 Qxg5 14. f4 Qe7
15. Qb3 Nxe5 16. dxe5 Qc5+ 17. e3 dxc4 18. Qc3 b5 19. b3 Bb7 20. bxc4 b4 21.
Qb3 a5 22. a3 Rfd8 23. Rfd1 a4 24. Qxb4 Qxb4 25. Rxd8+ Rxd8 26. axb4 Ba6 27.
Bxc6 Bxc4 28. Bxa4 Ra8 29. Rc1 Bd5 30. Bc6 Rc8 31. b5 Kf8 32. Kf2 Ke7 33. Ke2
Bxc6 34. bxc6 Kd8 35. Kd3 Kc7 36. e4 Rd8+ 37. Ke3 g6 38. exf5 gxf5 39. h3 h5
40. Ra1 Kxc6 41. Ra6+ Kd5 42. Ra7 Rg8 43. Kf3 Rg6 44. Rh7 Rg8 45. Rxh5 Ra8 46.
h4 Ra3+ 47. Kg2 Ra2+ 48. Kh3 Ke4 49. Rh8 Kf3 50. Rc8 Ra1 51. Rc3+ Kf2 52. Rc2+
Kf3 53. h5 Rh1+ 54. Rh2 Rg1 55. Kh4 Ra1 56. h6 Ra8 57. h7 Rh8 58. Kg5 Kxg3 59.
Rh6 Kf3 60. Kf6 Kxf4 61. Kxe6 Kg5 62. Rh1 f4 63. Kf7 f3 64. Kg7 Ra8 65. h8=Q
Ra7+ 66. Kf8 Ra8+ 67. Ke7 Rxh8 68. Rxh8 Kg4 1-0